| 000 | 01240cam a2200325 a 4500 | ||
|---|---|---|---|
| 001 | 13625694 | ||
| 003 | NUST | ||
| 005 | 20211105112717.0 | ||
| 008 | 040616s2004 nyua 001 0 eng | ||
| 010 | _a 2004555145 | ||
| 020 | _a978-81-315-0553-3 | ||
| 038 | _akhadija | ||
| 040 |
_aDLC _cDLC _dDLC |
||
| 050 | 0 | 0 |
_aTJ1185 _b.H58 2004 |
| 082 | 0 | 0 |
_a621.9 _222 _bHOF |
| 100 | 1 |
_aHoffman, Edward G. _934538 |
|
| 245 | 1 | 0 |
_aJig and fixture design / _cEdward G. Hoffman. |
| 250 | _a5th ed. | ||
| 260 |
_aClifton Park, NY : _bThomson/Delmar Learning, _cc2004. |
||
| 300 |
_axiv, 369 p. : _bill. ; _c28 cm. |
||
| 500 | _aIncludes index. | ||
| 563 | _aPB | ||
| 650 | 0 |
_aJigs and fixtures _xDesign and construction. _934539 |
|
| 856 | 4 | 2 |
_3Contributor biographical information _uhttp://www.loc.gov/catdir/enhancements/fy1302/2004555145-b.html |
| 856 | 4 | 2 |
_3Publisher description _uhttp://www.loc.gov/catdir/enhancements/fy1302/2004555145-d.html |
| 856 | 4 | 1 |
_3Table of contents only _uhttp://www.loc.gov/catdir/enhancements/fy1302/2004555145-t.html |
| 906 |
_a7 _bcbc _corigcop _d2 _encip _f20 _gy-gencatlg |
||
| 942 |
_2ddc _cBK |
||
| 999 |
_c540495 _d540495 |
||